书目信息 |
| 题名: |
《电脑爱好者》2001年合订本
|
|
| 作者: | ;《电脑爱好者》杂志社 编 | |
| 分册: | 上 | |
| 出版信息: | 北京 《电脑爱好者》杂志社 2001 |
|
| 页数: | 400页 | |
| 开本: | 26cm | |
| 丛书名: | ||
| 单 册: | ||
| 中图分类: | TP3-49 | |
| 科图分类: | ||
| 主题词: | 计算技术--普及读物 , 电子计算机--普及读物 | |
| 电子资源: | ||
| ISBN: | ||
| 000 | 00757nam0 2200229 45 | |
| 001 | 0201160854 | |
| 005 | 20041210101750.9 | |
| 010 | @dCNY | |
| 011 | @a1671-1998@d35.00元 | |
| 100 | @a20020116d2001 km y0chiy0120 ea | |
| 101 | 0 | @achi |
| 105 | @a z 000yy | |
| 200 | 1 | @a《电脑爱好者》2001年合订本@h上@A《Dian Nao Ai Hao Zhe》2001 Nian He Ding Ben@f《电脑爱好者》杂志社编@F《Dian Nao Ai Hao Zhe》Za Zhi She Bian |
| 210 | @a北京@c《电脑爱好者》杂志社@d2001 | |
| 215 | @a400页@d26cm@e2CD | |
| 307 | @a光盘内容包括:本书电子版及本书介绍的一些共享软件及工具软件 | |
| 606 | 0 | @a计算技术@x普及读物 |
| 606 | 0 | @a电子计算机@x普及读物 |
| 690 | @aTP3-49@v4 | |
| 711 | 02 | @a《电脑爱好者》杂志社@4编 |
| 801 | @aCN@bTSTC@c20020116 | |
| 905 | @dTP3-49@e128:01(1) | |
| 《电脑爱好者》2001年合订本.上/《电脑爱好者》杂志社编.-北京:《电脑爱好者》杂志社,2001 |
| 400页;26cm+2CD |
| ISBN :CNY |
| ● |
| 相关链接 |
|
|
|
|
正题名:《电脑爱好者》2001年合订本
索取号:TP3-49/128:01(1)
 
预约/预借
| 序号 | 登录号 | 条形码 | 馆藏地/架位号 | 状态 | 备注 |
| 1 | 0304112 | 203041127 | 密集书库/ [索取号:TP3-49/128:01(1)] | 在馆 | |
| 2 | 0304113 | 203041136 | 第三借阅区/ [索取号:TP3-49/128:01(1)] | 在馆 | |
| 3 | 0304114 | 203041145 | 第三借阅区/ [索取号:TP3-49/128:01(1)] | 在馆 | |
| 4 | 0304115 | 203041154 | 第三借阅区/ [索取号:TP3-49/128:01(1)] | 在馆 | |
| 5 | 0304116 | 203041163 | 第二样本阅览室/ [索取号:TP3-49/128:01(1)] | 在馆 |